<?xml version="1.0" encoding="UTF-8"?>
<record
    xmlns:xsi="http://www.w3.org/2001/XMLSchema-instance"
    xsi:schemaLocation="http://www.loc.gov/MARC21/slim http://www.loc.gov/standards/marcxml/schema/MARC21slim.xsd"
    xmlns="http://www.loc.gov/MARC21/slim">

  <leader>00351nam a22001337a 4500</leader>
  <controlfield tag="008">240923b        |||||||| |||| 00| 0 eng d</controlfield>
  <datafield tag="022" ind1=" " ind2=" ">
    <subfield code="a">09728201</subfield>
  </datafield>
  <datafield tag="041" ind1=" " ind2=" ">
    <subfield code="a">English</subfield>
  </datafield>
  <datafield tag="245" ind1=" " ind2=" ">
    <subfield code="a">Asian Journal of Management Cases</subfield>
  </datafield>
  <datafield tag="260" ind1=" " ind2=" ">
    <subfield code="a">New Dehli</subfield>
    <subfield code="b">Sage Publication</subfield>
    <subfield code="c">March 2024</subfield>
  </datafield>
  <datafield tag="300" ind1=" " ind2=" ">
    <subfield code="a">122</subfield>
  </datafield>
  <datafield tag="856" ind1=" " ind2=" ">
    <subfield code="u">journals.sagepub.com/home/ajc</subfield>
  </datafield>
  <datafield tag="942" ind1=" " ind2=" ">
    <subfield code="c">SR</subfield>
    <subfield code="s">1</subfield>
  </datafield>
  <datafield tag="999" ind1=" " ind2=" ">
    <subfield code="c">41529</subfield>
    <subfield code="d">41529</subfield>
  </datafield>
  <datafield tag="952" ind1=" " ind2=" ">
    <subfield code="0">0</subfield>
    <subfield code="1">0</subfield>
    <subfield code="2">ddc</subfield>
    <subfield code="4">0</subfield>
    <subfield code="7">0</subfield>
    <subfield code="a">IMTN</subfield>
    <subfield code="b">IMTN</subfield>
    <subfield code="d">2024-09-25</subfield>
    <subfield code="h">Vol. 21, No. 1</subfield>
    <subfield code="l">0</subfield>
    <subfield code="p">P10</subfield>
    <subfield code="r">2024-09-25 00:00:00</subfield>
    <subfield code="w">2024-09-25</subfield>
    <subfield code="y">SR</subfield>
  </datafield>
  <datafield tag="952" ind1=" " ind2=" ">
    <subfield code="0">0</subfield>
    <subfield code="1">0</subfield>
    <subfield code="2">ddc</subfield>
    <subfield code="4">0</subfield>
    <subfield code="7">0</subfield>
    <subfield code="a">IMTN</subfield>
    <subfield code="b">IMTN</subfield>
    <subfield code="d">2024-09-25</subfield>
    <subfield code="h">Vol.21 , No. 2</subfield>
    <subfield code="p">P11</subfield>
    <subfield code="r">2025-04-30 00:00:00</subfield>
    <subfield code="w">2024-09-25</subfield>
    <subfield code="y">SR</subfield>
  </datafield>
  <datafield tag="952" ind1=" " ind2=" ">
    <subfield code="0">0</subfield>
    <subfield code="1">0</subfield>
    <subfield code="2">ddc</subfield>
    <subfield code="4">0</subfield>
    <subfield code="7">0</subfield>
    <subfield code="a">IMTN</subfield>
    <subfield code="b">IMTN</subfield>
    <subfield code="d">2025-09-29</subfield>
    <subfield code="h">Vol. 22, No. 1</subfield>
    <subfield code="l">0</subfield>
    <subfield code="p">P883</subfield>
    <subfield code="r">2025-09-29 00:00:00</subfield>
    <subfield code="w">2025-09-29</subfield>
    <subfield code="y">SR</subfield>
  </datafield>
  <datafield tag="952" ind1=" " ind2=" ">
    <subfield code="0">0</subfield>
    <subfield code="1">0</subfield>
    <subfield code="2">ddc</subfield>
    <subfield code="4">0</subfield>
    <subfield code="7">0</subfield>
    <subfield code="a">IMTN</subfield>
    <subfield code="b">IMTN</subfield>
    <subfield code="d">2025-11-03</subfield>
    <subfield code="h">Vol. 22, No. 2</subfield>
    <subfield code="l">0</subfield>
    <subfield code="p">P985</subfield>
    <subfield code="r">2025-11-03 15:38:58</subfield>
    <subfield code="w">2025-11-03</subfield>
    <subfield code="y">SR</subfield>
  </datafield>
</record>
